| 000 | 00366nam a2200145Ia 4500 | ||
|---|---|---|---|
| 008 | 230917s9999||||xx |||||||||||||| ||und|| | ||
| 040 |
_e75068 _aMAIN |
||
| 041 | _aEnglish | ||
| 082 | _a658.787 G646I | ||
| 100 | _aGopalakrishnan, P | ||
| 245 | 0 | _aInventory management: text and cases | |
| 260 |
_aDelhi _bMacmillan _c1978 |
||
| 300 | _aviii, 346 p. | ||
| 942 | _cBK | ||
| 999 |
_c194501 _d194501 |
||